000 00487nam a2200181Ia 4500
001 4476
005 20260306145759.0
008 260306t2002||||xx |||||||||||||| ||spa||
041 _aESP
082 _a323.04
_bS64
100 _aPanfichi, Aldo [coord.]
_eAUT
245 0 _aSociedad civil, esfera pública y democratización en América Latina:
_bandes y cono sur
260 _c2002
300 _a655 páginas :
_c23 cm.
650 _aGEN
654 _aCHU
942 _cLIB
_dJUS
_fJUS
_2ddc
_n
999 _c4476
_d4476